[Event "WchT Seniors 50"]
[Site "Struga"]
[Date "2023.09.26"]
[Round "7.3"]
[White "Frostick, Clive A"]
[Black "McAndrew, Robert"]
[Result "1-0"]
[WhiteElo "2112"]
[BlackElo "1876"]
[PlyCount "71"]
[EventDate "2023.09.19"]
[EventType "team-swiss"]
[EventRounds "9"]
[EventCountry "MKD"]
[SourceTitle "EXT 2024"]
[Source "ChessBase"]
[SourceDate "2023.10.10"]
[SourceVersion "1"]
[SourceVersionDate "2023.10.10"]
[SourceQuality "1"]
[WhiteTeam "England 50 III"]
[BlackTeam "Scotland 50"]
[WhiteTeamCountry "ENG"]
[BlackTeamCountry "SCO"]

1. e4 c6 2. Nc3 d5 3. Nf3 Bg4 4. h3 Bxf3 5. Qxf3 e6 6. Be2 Bc5 7. Na4 Bd6 8. d4 dxe4 9. Qxe4 Nf6 10. Qd3 Nbd7 11. 0-0 0-0 12. Rd1 Qc7 13. c4 Rad8 14. Nc3 e5 15. c5 Be7 16. Qg3 Kh8 17. b4 Qb8 18. dxe5 Qxe5 19. Bf4 Qe6 20. Re1 Rfe8 21. Bd3 Nh5 22. Rxe6 Nxg3 23. Rxe7 Rxe7 24. Bxg3 Nxc5 25. Bc2 Ne6 26. Rd1 Nd4 27. Bd3 g5 28. Kf1 f6 29. Ne4 Kg7 30. f3 b6 31. Be1 Red7 32. Bc4 h6 33. Ng3 b5 34. Bd3 Kf7 35. Ne4 Nxf3 36. Nc5 1-0

[Event "WchT Seniors 50"]
[Site "Struga"]
[Date "2023.09.22"]
[Round "4.2"]
[White "McAndrew, Robert"]
[Black "Kostadinovski, Zoran"]
[Result "1/2-1/2"]
[WhiteElo "1876"]
[BlackElo "1922"]
[PlyCount "72"]
[EventDate "2023.09.19"]
[EventType "team-swiss"]
[EventRounds "9"]
[EventCountry "MKD"]
[SourceTitle "EXT 2024"]
[Source "ChessBase"]
[SourceDate "2023.10.10"]
[SourceVersion "1"]
[SourceVersionDate "2023.10.10"]
[SourceQuality "1"]
[WhiteTeam "Scotland 50"]
[BlackTeam "Macedonia Blind 50"]
[WhiteTeamCountry "SCO"]
[BlackTeamCountry "MKD"]

1. c4 c5 2. g3 Nc6 3. Bg2 Nf6 4. Nc3 g6 5. Nf3 Bg7 6. 0-0 0-0 7. b3 d6 8. Bb2 e5 9. d3 Re8 10. Ne1 a6 11. Nc2 Bd7 12. Ne3 Rb8 13. Ned5 Be6 14. Qd2 Nd7 15. Ne4 Nf8 16. f4 h6 17. fxe5 Bxd5 18. cxd5 Nxe5 19. g4 g5 20. h3 Nfg6 21. Ng3 Nf4 22. Kh2 Qd7 23. Be4 Nxg4+ 24. hxg4 Qxg4 25. Rxf4 gxf4 26. Nf5 Qh5+ 27. Kg2 Re5 28. Bxe5 Bxe5 29. Rh1 f3+ 30. exf3 Qg5+ 31. Qxg5+ hxg5 32. Ne7+ Kf8 33. Nf5 b5 34. Rh7 Rd8 35. Nh6 Bg7 36. Nf5 Be5 1/2-1/2

[Event "Rottach Egern Seniors Cup 11th"]
[Site "Rottach Egern"]
[Date "2023.04.18"]
[Round "4"]
[White "McAndrew, Robert"]
[Black "Boersch, Guenter"]
[Result "0-1"]
[WhiteElo "1906"]
[BlackElo "1523"]
[PlyCount "80"]
[EventDate "2023.04.15"]
[EventType "swiss"]
[EventRounds "9"]
[EventCountry "GER"]
[SourceTitle "EXT 2024"]
[Source "ChessBase"]
[SourceDate "2023.10.10"]
[SourceVersion "1"]
[SourceVersionDate "2023.10.10"]
[SourceQuality "1"]

1. c4 Nf6 2. g3 d5 3. cxd5 Qxd5 4. Nf3 Bf5 5. Nc3 Qa5 6. Bg2 c6 7. 0-0 Nbd7 8. d3 e5 9. Bd2 Qd8 10. h3 h6 11. e4 Be6 12. d4 exd4 13. Nxd4 Bc4 14. Nf5 Bxf1 15. Qxf1 g6 16. Nh4 Bg7 17. Be3 0-0 18. f4 Qe7 19. Qf2 Rfe8 20. Re1 Nh7 21. e5 Bf8 22. Ne4 Qb4 23. a3 Qa5 24. Rd1 Rad8 25. Nd6 Bxd6 26. Rxd6 Ndf8 27. Bd2 Qb5 28. Bc3 Rxd6 29. exd6 Nd7 30. Qd4 Qc5 31. Bf3 Qxd4+ 32. Bxd4 a6 33. Ng2 Nhf6 34. Ne3 Ne4 35. Nc4 Nxg3 36. Nb6 Nf5 37. Nxd7 Nxd4 38. Nf6+ Kf8 39. Nxe8 Nxf3+ 40. Kf2 Kxe8 0-1

[Event "Rottach Egern Seniors Cup 10th"]
[Site "Rottach Egern"]
[Date "2022.03.30"]
[Round "5"]
[White "McAndrew, Robert"]
[Black "Leitner, Leonhard"]
[Result "1/2-1/2"]
[WhiteElo "1927"]
[BlackElo "1784"]
[PlyCount "71"]
[EventDate "2022.03.26"]
[EventType "swiss"]
[EventRounds "9"]
[EventCountry "GER"]
[SourceTitle "CBM 207 Extra"]
[Source "ChessBase"]
[SourceDate "2022.05.31"]
[SourceVersion "1"]
[SourceVersionDate "2022.05.31"]
[SourceQuality "1"]

1. Nf3 Nf6 2. d4 d5 3. g3 e6 4. Bg2 c5 5. 0-0 Nc6 6. b3 cxd4 7. Nxd4 Bc5 8. c3 0-0 9. Ba3 Bxa3 10. Nxa3 e5 11. Nxc6 bxc6 12. Nc2 Be6 13. Nb4 Qc7 14. c4 a5 15. cxd5 cxd5 16. Nd3 e4 17. Rc1 Qb6 18. Nc5 Rac8 19. Qd4 Nd7 20. Nxe6 fxe6 21. Qxb6 Nxb6 22. Rfd1 Kf7 23. Kf1 Kf6 24. Ke1 Ke5 25. f4+ exf3 26. exf3 Rxc1 27. Rxc1 Rc8 28. Rxc8 Nxc8 29. f4+ Kd4 30. Kd2 Nd6 31. Bh3 Ne4+ 32. Kc2 e5 33. fxe5 Kxe5 34. a3 g6 35. Bd7 Kd6 36. Bb5 1/2-1/2

[Event "Rottach Egern Seniors Cup 9th"]
[Site "Rottach Egern"]
[Date "2021.10.27"]
[Round "6"]
[White "Geyer, Bernhard"]
[Black "McAndrew, Robert"]
[Result "1-0"]
[WhiteElo "2180"]
[BlackElo "1882"]
[PlyCount "37"]
[EventDate "2021.10.22"]
[EventType "swiss"]
[EventRounds "7"]
[EventCountry "GER"]
[SourceTitle "CBM 204 Extra"]
[Source "ChessBase"]
[SourceDate "2021.11.30"]
[SourceVersion "1"]
[SourceVersionDate "2021.11.30"]
[SourceQuality "1"]

1. e4 c6 2. d4 d5 3. e5 c5 4. c3 Nc6 5. Nf3 Bg4 6. dxc5 e6 7. b4 Bxf3 8. Qxf3 Nxe5 9. Bb5+ Nc6 10. 0-0 Qf6 11. Qe2 Nge7 12. Bb2 0-0-0 13. a4 h5 14. a5 h4 15. a6 g5 16. axb7+ Kb8 17. Ra6 e5 18. Bxc6 Nxc6 19. b5 1-0

[Event "Rottach Egern Seniors Cup 9th"]
[Site "Rottach Egern"]
[Date "2021.10.23"]
[Round "2"]
[White "Mueller, Erich2222"]
[Black "McAndrew, Robert"]
[Result "1-0"]
[WhiteElo "2174"]
[BlackElo "1882"]
[PlyCount "77"]
[EventDate "2021.10.22"]
[EventType "swiss"]
[EventRounds "7"]
[EventCountry "GER"]
[SourceTitle "CBM 204 Extra"]
[Source "ChessBase"]
[SourceDate "2021.11.30"]
[SourceVersion "1"]
[SourceVersionDate "2021.11.30"]
[SourceQuality "1"]

1. f4 g6 2. e4 d6 3. Nf3 Bg7 4. Bc4 e6 5. 0-0 Nc6 6. c3 Bd7 7. d4 Na5 8. Bd3 c5 9. Be3 c4 10. Bc2 Nf6 11. Kh1 0-0 12. Nbd2 Ng4 13. Bg1 d5 14. Ne5 Nh6 15. Qe2 f6 16. Nef3 Nc6 17. h3 b5 18. Bf2 Rb8 19. a3 Qc7 20. Qe3 Ne7 21. e5 f5 22. Bh4 Nc6 23. Ng5 Nf7 24. Qg3 a5 25. b4 Nfd8 26. Ngf3 a4 27. Rad1 Be8 28. Qh2 h5 29. Ng5 Bh6 30. Rf2 Bxg5 31. Bxg5 Nf7 32. Bf6 Nh6 33. Qg3 Kh7 34. Qh4 Ng8 35. Bg5 Nd8 36. g4 Nf7 37. gxh5 Nxg5 38. hxg6+ Kxg6 39. Rg2 1-0

[Event "Bad Wiessee Senioren Cup 8th"]
[Site "Bad Wiessee"]
[Date "2019.05.18"]
[Round "8"]
[White "McAndrew, Robert"]
[Black "Schoknecht, Sabine"]
[Result "0-1"]
[WhiteElo "1910"]
[BlackElo "1643"]
[PlyCount "156"]
[EventDate "2019.05.11"]
[EventType "swiss"]
[EventRounds "9"]
[EventCountry "GER"]
[SourceTitle "EXT 2020"]
[Source "ChessBase"]
[SourceDate "2019.10.17"]
[SourceVersion "1"]
[SourceVersionDate "2019.10.17"]
[SourceQuality "1"]

1. Nf3 d5 2. g3 c6 3. b3 Bf5 4. Bb2 e6 5. Bg2 Nd7 6. d3 Ngf6 7. e3 Be7 8. Nbd2 Qc7 9. Qe2 Nc5 10. Nd4 Bg6 11. g4 h5 12. g5 Nfd7 13. N4f3 e5 14. h4 a5 15. a3 Ne6 16. Bh3 c5 17. Bxe6 fxe6 18. e4 Bd6 19. Kf1 0-0 20. a4 Rf7 21. Kg2 Raf8 22. Rh3 Rf4 23. Bc1 Qc6 24. exd5 exd5 25. Ne4 dxe4 26. Bxf4 exf3+ 27. Qxf3 Qxf3+ 28. Rxf3 Rxf4 29. Rxf4 exf4 30. Re1 Kf7 31. f3 Nb8 32. Kf2 Nc6 33. Re2 Nd4 34. Rd2 Kf8 35. Kg2 Be8 36. c3 Nxb3 37. Re2 Bd7 38. g6 Bf5 39. Rb2 c4 40. dxc4 Nc5 41. Rb5 Bxg6 42. Rxa5 Bc2 43. Ra8+ Ke7 44. a5 Kd7 45. Rg8 Ne6 46. Ra8 Bc7 47. a6 bxa6 48. Rxa6 Bd3 49. Ra4 Bd8 50. c5 Bxh4 51. c4 Be7 52. Ra7+ Nc7 53. Ra3 Bxc4 54. Rc3 Bb5 55. Rc1 Kc6 56. Kh3 g5 57. Re1 Nd5 58. Re6+ Kxc5 59. Rh6 Nf6 60. Rg6 Bd7+ 61. Kg2 Nd5 62. Rh6 h4 63. Kh2 Bf5 64. Ra6 Ne3 65. Ra3 Kc4 66. Ra7 Bc5 67. Rg7 g4 68. fxg4 Bxg4 69. Rf7 f3 70. Rf4+ Kd3 71. Kh1 Ke2 72. Rxg4 f2 73. Rf4 f1Q+ 74. Rxf1 Kxf1 75. Kh2 Be7 76. Kh1 Nf5 77. Kh2 Ng3 78. Kh3 Kg1 0-1

[Event "Bayern-chI Bank Hofmann 21st"]
[Site "Tegernsee"]
[Date "2017.10.30"]
[Round "3"]
[White "McAndrew, Robert"]
[Black "Fuchs, Florian"]
[Result "0-1"]
[WhiteElo "1920"]
[BlackElo "2347"]
[PlyCount "68"]
[EventDate "2017.10.28"]
[EventType "swiss"]
[EventRounds "9"]
[EventCountry "GER"]
[SourceTitle "CBM 181 Extra"]
[Source "ChessBase"]
[SourceDate "2017.12.12"]
[SourceVersion "1"]
[SourceVersionDate "2017.12.12"]
[SourceQuality "1"]

1. c4 Nf6 2. g3 g6 3. Bg2 Bg7 4. Nc3 0-0 5. d3 d6 6. e4 c5 7. Nge2 Nc6 8. 0-0 Ne8 9. Rb1 Nc7 10. Be3 Ne6 11. a3 a5 12. h3 Ned4 13. Kh2 Bd7 14. f4 f5 15. Nb5 Rb8 16. Ng1 Kh8 17. h4 Nxb5 18. cxb5 Nd4 19. a4 e5 20. Nf3 fxe4 21. dxe4 Qe7 22. Bxd4 cxd4 23. Ng5 exf4 24. Rxf4 Rxf4 25. gxf4 h6 26. Nh3 Qxh4 27. Qf3 Rc8 28. Qg3 Qxg3+ 29. Kxg3 Rc4 30. e5 dxe5 31. Bxb7 Rxa4 32. b3 Rb4 33. Bc6 Bf5 34. Re1 Rxb3+ 0-1

[Event "Helsingor Xtracon op"]
[Site "Helsingor"]
[Date "2017.07.29"]
[Round "9"]
[White "Kolvig, Bent"]
[Black "McAndrew, Robert"]
[Result "0-1"]
[WhiteElo "2230"]
[BlackElo "1909"]
[PlyCount "64"]
[EventDate "2017.07.22"]
[EventType "swiss"]
[EventRounds "10"]
[EventCountry "DEN"]
[SourceTitle "CBM 179 Extra"]
[Source "ChessBase"]
[SourceDate "2017.08.23"]
[SourceVersion "1"]
[SourceVersionDate "2017.08.23"]
[SourceQuality "1"]

1. e4 c5 2. Nc3 Nc6 3. g3 g6 4. Bg2 Bg7 5. Nge2 h5 6. h4 d6 7. d3 Bg4 8. f3 Bd7 9. Be3 b5 10. Qd2 Rb8 11. 0-0 Nf6 12. d4 cxd4 13. Nxd4 Ne5 14. Qf2 Nc4 15. Bc1 Qb6 16. Rd1 Qc7 17. Nce2 0-0 18. c3 e5 19. Nc2 Bc6 20. Ne3 Nb6 21. g4 hxg4 22. fxg4 Nxe4 23. Bxe4 Bxe4 24. Ng3 Bb7 25. Nef5 gxf5 26. gxf5 f6 27. Kh2 Kf7 28. Qe2 Rh8 29. Qg4 Rbg8 30. Qg6+ Kf8 31. Nh5 Qc4 32. Bg5 Qe2+ 0-1

[Event "Helsingor Xtracon op"]
[Site "Helsingor"]
[Date "2017.07.25"]
[Round "5"]
[White "Vinter, Christoffer"]
[Black "McAndrew, Robert"]
[Result "1/2-1/2"]
[WhiteElo "1633"]
[BlackElo "1909"]
[PlyCount "71"]
[EventDate "2017.07.22"]
[EventType "swiss"]
[EventRounds "10"]
[EventCountry "DEN"]
[SourceTitle "CBM 179 Extra"]
[Source "ChessBase"]
[SourceDate "2017.08.23"]
[SourceVersion "1"]
[SourceVersionDate "2017.08.23"]
[SourceQuality "1"]

1. e4 c5 2. Nf3 e6 3. d4 cxd4 4. Nxd4 a6 5. c4 d6 6. Nc3 Nf6 7. f3 Nc6 8. Be3 Be7 9. Be2 Bd7 10. 0-0 0-0 11. Qd2 Nxd4 12. Qxd4 Qc7 13. Rad1 Rac8 14. f4 Rfd8 15. Qb6 Qc6 16. e5 Ne8 17. b3 d5 18. Bf3 Bc5 19. Bxc5 Qxc5+ 20. Qxc5 Rxc5 21. Na4 Bxa4 22. bxa4 Rxc4 23. Rb1 Rd7 24. Bd1 g6 25. Bb3 Rc5 26. g4 Ng7 27. Rbc1 Rdc7 28. Rxc5 Rxc5 29. Rf2 Kf8 30. Rc2 b6 31. Kf2 Ke8 32. Ke3 Kd7 33. Kd4 Kc6 34. a5 Rxc2 35. Bxc2 bxa5 36. a4 1/2-1/2

[Event "Helsingor Xtracon op"]
[Site "Helsingor"]
[Date "2017.07.24"]
[Round "4"]
[White "McAndrew, Robert"]
[Black "Dahl, Max"]
[Result "1/2-1/2"]
[WhiteElo "1909"]
[BlackElo "1660"]
[PlyCount "72"]
[EventDate "2017.07.22"]
[EventType "swiss"]
[EventRounds "10"]
[EventCountry "DEN"]
[SourceTitle "CBM 179 Extra"]
[Source "ChessBase"]
[SourceDate "2017.08.23"]
[SourceVersion "1"]
[SourceVersionDate "2017.08.23"]
[SourceQuality "1"]

1. c4 Nf6 2. Nf3 e6 3. g3 d5 4. Bg2 Be7 5. 0-0 0-0 6. b3 b6 7. Bb2 Bb7 8. d3 Re8 9. Nbd2 c5 10. e3 Nc6 11. Qe2 Bf8 12. Ne5 Nxe5 13. Bxe5 Nd7 14. Bb2 Be7 15. Rad1 Bf6 16. Nf3 Bxb2 17. Qxb2 Qf6 18. Qxf6 gxf6 19. Nh4 Nf8 20. cxd5 Bxd5 21. Bxd5 exd5 22. Nf5 Ne6 23. Kg2 Ng7 24. Nxg7 Kxg7 25. Rc1 Rac8 26. Kf3 f5 27. g4 fxg4+ 28. Kxg4 Kf6 29. Kf4 Rg8 30. e4 dxe4 31. dxe4 Rcd8 32. Rcd1 Ke6 33. Rxd8 Rxd8 34. Ke3 Rg8 35. f4 a6 36. Rf2 a5 1/2-1/2

[Event "Helsingor Xtracon op"]
[Site "Helsingor"]
[Date "2017.07.23"]
[Round "3"]
[White "Brorsen, Jacob Abildlund"]
[Black "McAndrew, Robert"]
[Result "1-0"]
[WhiteElo "2153"]
[BlackElo "1909"]
[PlyCount "131"]
[EventDate "2017.07.22"]
[EventType "swiss"]
[EventRounds "10"]
[EventCountry "DEN"]
[SourceTitle "CBM 179 Extra"]
[Source "ChessBase"]
[SourceDate "2017.08.23"]
[SourceVersion "1"]
[SourceVersionDate "2017.08.23"]
[SourceQuality "1"]

1. e4 c5 2. Nf3 e6 3. g3 Nc6 4. Bg2 d6 5. 0-0 Nf6 6. Re1 e5 7. c3 Be7 8. d3 0-0 9. Nbd2 Re8 10. a4 Bf8 11. Nc4 Be6 12. Qc2 h6 13. Ne3 Rc8 14. Nh4 d5 15. Nef5 d4 16. Bd2 Kh7 17. Nf3 g6 18. N5h4 c4 19. Bf1 cxd3 20. Qxd3 Bc5 21. c4 Ng8 22. b3 Qc7 23. Reb1 a5 24. Ne1 Nb4 25. Qf3 Qd7 26. Bxb4 Bxb4 27. Nd3 Bg4 28. Qh1 Qe7 29. h3 Bd7 30. Bg2 f6 31. Kh2 Qe6 32. Ra2 Qd6 33. Re2 Ne7 34. f4 Nc6 35. Nf3 Re7 36. Qc1 b6 37. Qf1 Rce8 38. Rbb2 Kg7 39. Nh4 Bc3 40. Rb1 Bb4 41. f5 g5 42. Ng6 Bc5 43. Qf3 Rg8 44. Qh5 Be8 45. Nf2 Bxg6 46. fxg6 d3 47. Ng4 Rh8 48. Rd2 Re6 49. Rf1 Ne7 50. Rfd1 Nxg6 51. Rxd3 Bd4 52. Ne3 Ne7 53. Bf3 Qc5 54. Nf5+ Nxf5 55. exf5 Rd6 56. Qg6+ Kf8 57. Bd5 Qc7 58. Re1 Qg7 59. Qh5 Rxd5 60. cxd5 Qf7 61. Qf3 Kg7 62. d6 Bc5 63. Qc6 Rd8 64. Red1 Rd7 65. Rc1 Ba3 66. Qxd7 1-0

[Event "Helsingor Xtracon op"]
[Site "Helsingor"]
[Date "2016.07.27"]
[Round "6"]
[White "McAndrew, Robert"]
[Black "Andersen, Claus Nis"]
[Result "1/2-1/2"]
[WhiteElo "1939"]
[BlackElo "1766"]
[PlyCount "51"]
[EventDate "2016.07.23"]
[EventType "swiss"]
[EventRounds "10"]
[EventCountry "DEN"]
[SourceTitle "CBM 173 Extra"]
[Source "ChessBase"]
[SourceDate "2016.08.29"]
[SourceVersion "1"]
[SourceVersionDate "2016.08.29"]
[SourceQuality "1"]

1. d4 Nf6 2. Nf3 g6 3. g3 Bg7 4. Bg2 0-0 5. 0-0 d5 6. b3 Nbd7 7. Bb2 b6 8. c4 Bb7 9. Nc3 e6 10. Qc2 dxc4 11. bxc4 c5 12. Rfd1 cxd4 13. Rxd4 Qc8 14. Nb5 Ne8 15. Rh4 Ndf6 16. Rd1 a6 17. Nd6 Nxd6 18. Rxd6 b5 19. Be5 Qc5 20. Qc3 Ne4 21. Qd4 Bxe5 22. Qxc5 Nxc5 23. Nxe5 Bxg2 24. Kxg2 Rfd8 25. Rhd4 Rxd6 26. Rxd6 1/2-1/2